Music Quiz

Random Music or Song Quiz

One Word Hits By Letter - E Quiz Stats

 Plays Quiz not verified by Sporcle

Challenge
Share
Tweet
Embed
Score 0/15 Timer 03:00
0 Plays Today
Artist Song % Correct
The CommodoresEasy
59%
The Oak Ridge BoysElvira
48.2%
Tommy RoeEverybody
35.7%
Fleetwood MacEverywhere
33.5%
Britney SpearsEverytime
30.6%
Mariah CareyEmotions
29.7%
Jody WatleyEverything
29.7%
MadonnaErotica
28.2%
Artist Song % Correct
Janet JacksonEscapade
28.2%
Hot ChocolateEmma
18.7%
The TurtlesElenore
18.3%
B.T. ExpressExpress
17.2%
Flo Rida Featuring TimbalandElevator
13.9%
Ferrante And TeicherExodus
12.1%
Kool And The GangEmergency
8.8%

You're not logged in!

Compare scores with friends on all Sporcle quizzes.
Join for Free
OR
Log In

You Might Also Like...

Show Comments

Extras

Top Quizzes Today


Score Distribution

Your Account Isn't Verified!

In order to create a playlist on Sporcle, you need to verify the email address you used during registration. Go to your Sporcle Settings to finish the process.

Report this User

Report this user for behavior that violates our Community Guidelines.

Details: